Running money : (Record no. 18561)
[ view plain ]
| 000 -LEADER | |
|---|---|
| fixed length control field | 01260pam a2200337 a 4500 |
| 001 - CONTROL NUMBER | |
| control field | 015483179 |
| 003 - CONTROL NUMBER IDENTIFIER | |
| control field | OSt |
| 005 - DATE AND TIME OF LATEST TRANSACTION | |
| control field | 20201128021117.0 |
| 008 - FIXED-LENGTH DATA ELEMENTS--GENERAL INFORMATION | |
| fixed length control field | 100202s2011 xxuadk grbd 001 0 eng d |
| 020 ## - INTERNATIONAL STANDARD BOOK NUMBER | |
| International Standard Book Number | 9780071259453 (pbk.) |
| 020 ## - INTERNATIONAL STANDARD BOOK NUMBER | |
| International Standard Book Number | 0071259457 (pbk.) |
| 040 ## - CATALOGING SOURCE | |
| Original cataloging agency | StDuBDS |
| Language of cataloging | eng |
| Transcribing agency | StDuBDS |
| Modifying agency | Uk |
| -- | EG-ScBUE |
| 082 00 - DEWEY DECIMAL CLASSIFICATION NUMBER | |
| Classification number | 332.6 |
| Edition number | 22 |
| Item number | STE |
| 100 1# - MAIN ENTRY--PERSONAL NAME | |
| Personal name | Stewart, Scott D. |
| 9 (RLIN) | 36466 |
| 245 10 - TITLE STATEMENT | |
| Title | Running money : |
| Remainder of title | professional portfolio management / |
| Statement of responsibility, etc | Scott D. Stewart, Christopher D. Piros, Jeffrey C. Heisler. |
| 250 ## - EDITION STATEMENT | |
| Edition statement | McGraw-Hill international ed. |
| 260 ## - PUBLICATION, DISTRIBUTION, ETC. (IMPRINT) | |
| Place of publication, distribution, etc | New York, United States : |
| Name of publisher, distributor, etc | McGraw-Hill, |
| Date of publication, distribution, etc | 2011. |
| 300 ## - PHYSICAL DESCRIPTION | |
| Extent | xvi, 560 p. : |
| Other physical details | charts, forms, tables ; |
| Dimensions | 26 cm. |
| 490 1# - Series Statement | |
| Series statement | The McGraw-Hill / Irwin series in finance, insurance and real estate |
| 500 ## - GENERAL NOTE | |
| General note | Glossary : p. 540-547. |
| 500 ## - GENERAL NOTE | |
| General note | Index : p. 554-560. |
| 504 ## - BIBLIOGRAPHY, ETC. NOTE | |
| Bibliography, etc | Bibliography : p. 548-553. |
| 650 #0 - SUBJECT ADDED ENTRY--TOPICAL TERM | |
| Topical term or geographic name as entry element | Portfolio management |
| 9 (RLIN) | 2032 |
| 650 #0 - SUBJECT ADDED ENTRY--TOPICAL TERM | |
| Topical term or geographic name as entry element | Portfolio management |
| General subdivision | Decision making |
| 9 (RLIN) | 36469 |
| 653 ## - INDEX TERM--UNCONTROLLED | |
| Resource For college | BAEPS, Business Administration |
| Arrived date list | November2014 |
| 655 ## - INDEX TERM--GENRE/FORM | |
| Form subdivision | |
| -- | 34232 |
| 700 1# - ADDED ENTRY--PERSONAL NAME | |
| Personal name | Piros, Christopher Dixon |
| 9 (RLIN) | 36467 |
| 700 1# - ADDED ENTRY--PERSONAL NAME | |
| Personal name | Heisler, Jeffrey, |
| Dates associated with a name | 1959- |
| 9 (RLIN) | 36468 |
| 830 #0 - SERIES ADDED ENTRY--UNIFORM TITLE | |
| Uniform title | McGraw-Hill / Irwin series in finance, insurance and real estate |
| 942 ## - ADDED ENTRY ELEMENTS (KOHA) | |
| Source of classification or shelving scheme | Dewey Decimal Classification |
| Call number prefix | 332.6 STE |
| Withdrawn status | Item status | Source of classification or shelving scheme | Damaged status | Not for loan | Vendor | Home library | Current library | Shelving location | Date acquired | Source of acquisition | Cost, normal purchase price | Serial Enumeration / chronology | Total Checkouts | Full call number | Barcode | Date last seen | Date last borrowed | Cost, replacement price | Koha item type |
|---|---|---|---|---|---|---|---|---|---|---|---|---|---|---|---|---|---|---|---|
| Dewey Decimal Classification | Baccah | Central Library | Central Library | First floor | 06/11/2014 | 202.00 | 20677 | 1 | 332.6 STE | 000036959 | 15/07/2025 | 23/12/2020 | 252.50 | Book - Borrowing |